000 00899nam a22002055i 4500
001 158083
003 ES-MaACL
005 20250804012826.0
008 990226s1898 sp |||| | spa d
040 _aCCPB | B
_bspa
_cCCPB | B
100 1 _aLópez y Martínez, Pedro María.
_9129245
245 1 0 _aDiscurso leído en la solemne apertura del curso académico de 1898 á 1899 en la Universidad Literaria de Valencia /
_cpor Pedro María López y Martínez.
260 _aValencia :
_b[s.n.],
_c1898 (
_fEstablecimiento Tipográfico Domenech)
300 _a123 p. ;
_c27 cm.
530 _aDisponible en formato digital.
650 7 _aMetafísica
_2embne
_915012
852 _aES-MaACL
_jT-778-F-2
_z-- Enc. hol. conservando cub. original
_z-- Enc. en un vol. facticio
856 _uhttp://bdh-rd.bne.es/viewer.vm?id=0000150991&page=1
_zBiblioteca Digital Hispánica
999 _c158083
_d158083